000 01012nam a2200205 i 4500
001 162403
003 ES-MaACL
005 20230906212521.0
008 041112s1872 ae ab |||| | fre d
040 _aCAM
_bspa
_cCAM
100 1 _aPomel, Auguste.
_9131256
245 1 3 _aLe Sahara
_b: observations de géologie et de géographie physique et biologique, avec des aperçus sur l'Atlas et le Soudan et Discussion de l'hypothèse de la Mer Saharienne à l'époque préhistorique /
_cpar A. Pomel.
260 _aAlger :
_bAssociation Ouvrière Victor Aillaud et Compagnie,
_c1872.
300 _a139 p., [1] h. de map. pleg. ;
_c23 cm.
500 _aPublication de la Société de Climatologie d'Alger.
599 _aLa h. de map. pleg. cromolit.: "Carte geologique du Massif de Milianah par A. Pomel"
650 4 _aSahara-
_xDescripción.
_9223655
852 _aES-MaACL
_jB-7987(1)
_z-- Enc. tela
_z-- Forma parte de la col. facticia "España geológica. Memorias y documentos varios"
999 _c162403
_d162403